[Тезисы докладов]. Раздел 6: Экономика материалов и применение заменителей и неметаллических деталей при ремонте и модернизации оборудования (Запись № 8764670)
[ простой вид ]
| 000 -МАРКЕР | |
|---|---|
| контрольное поле | 02340nam2a22002411 4500 |
| 001 - ИДЕНТИФИКАТОР ЗАПИСИ | |
| контрольное поле | rc\4457384 |
| 005 - ИДЕНТИФИКАТОР ВЕРСИИ | |
| контрольное поле | 20250611175851.0 |
| 035 ## - ДРУГИЕ СИСТЕМНЫЕ НОМЕРА | |
| Идентификатор записи | (NLR Aleph) 008322323 |
| 100 ## - ДАННЫЕ ОБЩЕЙ ОБРАБОТКИ | |
| Данные общей обработки | 20130416d1959 |||y0rusy50 ca |
| 101 0# - ЯЗЫК РЕСУРСА | |
| Язык текста, звукозаписи и т.д. | русский |
| 102 ## - СТРАНА ПУБЛИКАЦИИ ИЛИ ПРОИЗВОДСТВА | |
| Страна публикации | российская федерация |
| 105 ## - ПОЛЕ КОДИРОВАННЫХ ДАННЫХ: ТЕКСТОВЫЕ МАТЕРИАЛЫ, МОНОГРАФИЧЕСКИЕ | |
| Кодированные данные о монографическом текстовом документе | y z ||||| |
| 200 1# - ЗАГЛАВИЕ И СВЕДЕНИЯ ОБ ОТВЕТСТВЕННОСТИ | |
| Основное заглавие | Экономика материалов и применение заменителей и неметаллических деталей при ремонте и модернизации оборудования |
| Обозначение и номер части | [8] |
| Наименование части | Опыт применения при ремонте и модернизации молотов неметаллических уплотняющих колец / Говоров |
| 210 ## - ПУБЛИКАЦИЯ, РАСПРОСТРАНЕНИЕ И ДР. | |
| Дата издания, распространения и т.д. | 1959 |
| Место издания, распространения и т.д. | Б. м. |
| 215 ## - ФИЗИЧЕСКАЯ ХАРАКТЕРИСТИКА | |
| Специфическое обозначение материала и объем | [2] с. |
| 461 #0 - УРОВЕНЬ НАБОРА | |
| Встроенное поле | 001rc\4457352 |
| -- | 2001#$a[Тезисы докладов]$eРаздел 1-$fЦентр. и Моск. правл. Науч.-техн. о-ва машиностроит. пром-сти. Секции ремонта и модернизации оборудования. Выставка достижений нар. хоз-ва. Всесоюз. науч.-техн. совещание по современной технологии ремонта и модернизации оборудования и механизации ремонтных работ$vРаздел 6 |
| Системный номер (АБИС) связанной записи | 8764479 |
| Автор | Всесоюзное научно-техническое совещание по современной технологии ремонта и модернизации оборудования и механизации ремонтных работ (1959 ; Москва) |
| Место публикации | Москва |
| Дата публикации | 1959 |
| Первые сведения об ответственности | Центр. и Моск. правл. Науч.-техн. о-ва машиностроит. пром-сти. Секции ремонта и модернизации оборудования. Выставка достижений нар. хоз-ва. Всесоюз. науч.-техн. совещание по современной технологии ремонта и модернизации оборудования и механизации ремонтных работ |
| Имя издателя, распространителя и т.д. | Б. и. |
| Сведения, относящиеся к заглавию | Раздел 1- |
| Заглавие | [Тезисы докладов] |
| Номер тома | Раздел 6 |
| 701 #1 - ИМЯ ЛИЦА - АЛЬТЕРНАТИВНАЯ ОТВЕТСТВЕННОСТЬ | |
| Начальный элемент ввода | Говоров |
| 801 #0 - ИСТОЧНИК ЗАПИСИ | |
| Страна | российская федерация |
| Организация | NLR |
| Правила каталогизации | psbo |
| 801 #1 - ИСТОЧНИК ЗАПИСИ | |
| Страна | российская федерация |
| Организация | ELAR |
| Источник данных | rusmarc |
| 852 ## - МЕСТОНАХОЖДЕНИЕ И ШИФР ХРАНЕНИЯ | |
| Идентификатор организации | NLR |
| Шифр хранения (Call Number) | 59-4/15623 |
| 942 ## - ДОПОЛНИТЕЛЬНЫЕ ЭЛЕМЕНТЫ ЗАПИСИ (АБИС) | |
| Тип экземпляра АБИС | Книга |
| 980 ## - КОЛЛЕКЦИЯ | |
| Название коллекции | Национальная библиография |
| Тип экземпляра | Дата поступления | Библиотека постоянного хранения | Библиотека текущего хранения | Место хранения | Шифр хранения | Штрих-код | Статус не для выдачи |
|---|---|---|---|---|---|---|---|
| Книга | 26.10.2013 | РНБ (Московский) | РНБ (Московский) | Русский книжный фонд: издания с 1957 года, 3этаж Хран | 59-4/15623 | 8322323-10 |